| LEADER | 00466cam a2200145 7i4500 | ||
|---|---|---|---|
| 001 | 0000029697 | ||
| 005 | 20130605090000.0 | ||
| 090 | 0 | 0 | |a P 664.0092 |b FOO |
| 245 | 0 | 0 | |a Food master 2012 : |b the industry's only database listing equipment, supplies and service. |
| 260 | 0 | 0 | |a [S.l]: |b BNP Media, |c 2012. |
| 300 | # | # | |a [v.p]. |
| 650 | 0 | 0 | |a Food -- |x Equipment |
| 650 | 0 | 0 | |a Food -- |x Supplies |
| 650 | 0 | 0 | |a Food -- |x Services |
| 999 | |a 0000032332 |b Book |c Products |e Business Information Centre | ||